| 000 | 00366nam a2200169Ia 4500 | ||
|---|---|---|---|
| 100 | _aBURT/ANGELA | ||
| 650 | _aPHILOPSOPHY | ||
| 942 | _cBK | ||
| 366 | _f25 | ||
| 654 | _aCORRECT ENGLISH | ||
| 245 | _aA TO Z OF CORRECT ENGLISH | ||
| 260 |
_bBETTER YOURSELF BOOK _aBandra _c2000 |
||
| 082 |
_a107/BUR _bBUR |
||
| 300 | _a211 | ||
| 546 | _aENGLISH | ||
| 999 |
_c30909 _d30909 |
||